| 000 | 01237nam a22002777a 4500 | ||
|---|---|---|---|
| 005 | 20101224150352.0 | ||
| 008 | 101224t xxu||||| |||| 00| 0 mar d | ||
| 010 | _aMAR-20489 | ||
| 020 | _c230.00 | ||
| 035 | _aMR-13147 | ||
| 037 | _bDBAD / PUB | ||
| 040 |
_aDPL _bMR |
||
| 082 | _a150 | ||
| 100 |
_aदेशपांडे,चंद्रशेखर _925101 |
||
| 245 |
_aसमुपदेशन : _cचंद्रशेखर देशपांडे _bशास्त्रीय प्रक्रिया व उपयोजन / |
||
| 246 |
_bSamupadeshan: Sashtriya Prakriya v upayojan _aby Chanerashekhar Deshpande |
||
| 260 |
_aपुणे _bउन्मेष प्रकाशन _c2010 |
||
| 270 |
_aसी -विंग,चंद्रनील अपार्टमेंट्स,सिंहगड रोड, _bपुणे |
||
| 300 |
_a276पृ _c21सेमी (अजिल्द) |
||
| 650 | _925127 | ||
| 650 | _925128 | ||
| 700 | _925102 | ||
| 700 | _925121 | ||
| 942 |
_2ddc _cMR _mदेशपां _h150 |
||
| 999 |
_c49646 _d49646 |
||